| 000 | 01191naa a2200325 c 4500 | ||
|---|---|---|---|
| 001 | 47720 | ||
| 003 | ES-MaCES | ||
| 005 | 20160531134711.0 | ||
| 008 | 160531s2016 uk ||||| t||||||| ||e d | ||
| 040 |
_aES-MaCES _bspa _cES-MaCES _dES-MaCES |
||
| 245 | 0 | 0 |
_aCrisis or Zemblanity? Viewing the "migration crisis" through a Greek lens _cYannis Christodouloua, Evie Papadaa, Anna Papoutsia, Antonis Vradisa |
| 500 | _aresumen | ||
| 504 | _aBibliografía: p. 325 | ||
| 650 | 4 |
_929805 _amigración internacional |
|
| 650 | 4 |
_928631 _ainmigrante |
|
| 650 | 4 |
_926677 _afrontera |
|
| 650 | 4 |
_929183 _apolítica migratoria |
|
| 650 | 4 |
_929918 _amecanismo de control |
|
| 650 | 4 |
_927044 _aproblema social |
|
| 650 | 4 |
_926947 _aGrecia |
|
| 650 | 4 |
_926752 _aUE |
|
| 653 | 1 | 0 | _aCiencias Sociales-Políticas |
| 700 | 1 |
_936945 _aChristodouloua, Yannis |
|
| 700 | 1 |
_936946 _aPapadaa, Evie |
|
| 700 | 1 |
_936947 _aPapoutsia, Anna |
|
| 700 | 1 |
_936948 _aVradisa, Antonis |
|
| 773 | 0 |
_984447 _dLondon Frank Cass _o087349 _tMediterranean politics _w(ES-MaCES)25926 _gvol. 21, no. 2 (July 2016) {55/964 R. 087349} ;p. 321-325 |
|
| 902 | _aART Artículo de revista | ||
| 942 |
_2CES _cAR _h7.0. |
||
| 999 |
_c47720 _d47720 |
||